Di sản Hồ Chí Minh về văn hóa, đạo đức
Giới thiệu tư tưởng Hồ Chí Minh về văn hóa, đạo đức là những giá trị tinh thần cao đẹp của dân tộc, của cách mạng. Những di sản của Người, mọi lý luận và hoạt động thực tiễn của Người nhằm xây dựng văn hoá - đạo đức Việt Nam có cô...
Đã lưu trong:
| 主要作者: | |
|---|---|
| 格式: | 圖書 |
| 語言: | Undetermined |
| 出版: |
Hà Nội
Thông tin và Truyền thông
2010
|
| 主題: | |
| 標簽: |
添加標簽
沒有標簽, 成為第一個標記此記錄!
|
| Thư viện lưu trữ: | Trung tâm Học liệu Trường Đại học Cần Thơ |
|---|
| LEADER | 01177nam a2200217Ia 4500 | ||
|---|---|---|---|
| 001 | CTU_162620 | ||
| 008 | 210402s9999 xx 000 0 und d | ||
| 020 | |c 59000 | ||
| 082 | |a 324.2075092 | ||
| 082 | |b B312 | ||
| 100 | |a Trần, Văn Bính | ||
| 245 | 0 | |a Di sản Hồ Chí Minh về văn hóa, đạo đức | |
| 245 | 0 | |c Trần Văn Bính | |
| 260 | |a Hà Nội | ||
| 260 | |b Thông tin và Truyền thông | ||
| 260 | |c 2010 | ||
| 520 | |a Giới thiệu tư tưởng Hồ Chí Minh về văn hóa, đạo đức là những giá trị tinh thần cao đẹp của dân tộc, của cách mạng. Những di sản của Người, mọi lý luận và hoạt động thực tiễn của Người nhằm xây dựng văn hoá - đạo đức Việt Nam có cốt cách dân tộc và hiện đại giúp các thế hệ sau mãi mãi học tập và làm theo tấm gương đạo đức Hồ Chí Minh. | ||
| 650 | |a Communists,Communist ethics | ||
| 650 | |z Vietnam,Vietnam | ||
| 904 | |i Giang | ||
| 980 | |a Trung tâm Học liệu Trường Đại học Cần Thơ | ||